000 00560cam a22001814a 4500
005 20250605163433.0
008 250528s ||||||||||||||||||||||||d
035 _a19198
040 _aGR-AtMCL
_bgre
_dGR-AtMCL
_eAACR2
245 1 _aThe Oxford Dictionary of Quotations / Second Edition
250 _a2nd
260 _bOxford University Press,
_c1955
300 _a1006
520 _aNotes to the Second Edition, The Compilers to the Reader, Introduction, Quatations, Coprigenda, Index, Greek Index.
942 _cBK
999 _c4470
_d4470